Trouve la lettre manquante dans ces capitales - Statistiques

Statistiques générales
  • Ce quiz a été pris 58 fois
  • Le résultat moyen est 12 sur 26
Statistiques - réponses
Hint Explanation Réponse % Correct
Andorre la Eille Andorra la Veille V
68%
Luembourg Luxembourg X
68%
Soul Seoul E
66%
Hano Hanoi I
63%
Iga Riga R
54%
La Pa La Paz Z
54%
Ern Bern B
51%
Pyonyang Pyongyang G
51%
Uito Quito Q
51%
Sure Sucre C
49%
Soia Sofia F
49%
Pogorica Podgorica D
46%
Port Moreby Port Moresby S
46%
Riadh Riyadh Y
46%
Windhoe Windhoek K
44%
Reykavík Reykjavík J
41%
Ljubjana Ljubljana L
41%
Phnom Pen Phnom Penh H
39%
Khartum Khartoum O
39%
Aman Amman M
34%
Kamala Kampala P
32%
Sri Jayawardenepura Kote Sri Jayawardenepura Kotte T
32%
Ulaabaatar Ulaanbaatar N
29%
South Taraa South Tarawa W
29%
Addis Abba Addis Ababa A
27%
Mogadish Mogadishu U
20%
Aucun quiz correspondant
Distribution des résultats
% des personnes avec chaque résultat
Percentile par nombre de réponses
Votre historique - résultats
Vous n’avez pas pris ce quiz